Racism or responsible government : (Registro nro. 1767)
[ vista simple ]
| 000 -CABECERA | |
|---|---|
| campo de control de longitud fija | 00749cam a2200193 a 4500 |
| 001 - NÚMERO DE CONTROL | |
| campo de control | 000001895 |
| 005 - FECHA Y HORA DE LA ÚLTIMA TRANSACCIÓN | |
| campo de control | 20200929145740.0 |
| 008 - DATOS DE LONGITUD FIJA--INFORMACIÓN GENERAL | |
| campo de control de longitud fija | 760818s1967 onc b 001 0 eng |
| 040 ## - FUENTE DE LA CATALOGACIÓN | |
| Centro catalogador/agencia de origen | DO-SdBNP |
| Lengua de catalogación | spa |
| Centro/agencia transcriptor | BNPHU |
| 082 ## - NÚMERO DE LA CLASIFICACIÓN DECIMAL DEWEY | |
| Número de clasificación | 971.04 |
| Número de documento/Ítem | R121r |
| 245 00 - MENCIÓN DE TÍTULO | |
| Título | Racism or responsible government : |
| Resto del título | the french canadian dilemma of the 1840's / |
| Mención de responsabilidad, etc. | traducción, edición y selección, Elizabeth Nish. |
| 260 ## - PUBLICACIÓN, DISTRIBUCIÓN, ETC. | |
| Lugar de publicación, distribución, etc. | Toronto : |
| Nombre del editor, distribuidor, etc. | The Copp Clark Publishing Company, |
| Fecha de publicación, distribución, etc. | 1967. |
| 300 ## - DESCRIPCIÓN FÍSICA | |
| Extensión | viii, 184 p. ; |
| Dimensiones | 23 cm. |
| 490 1# - MENCIÓN DE SERIE | |
| Mención de serie | Issues in Canadian history |
| 651 #4 - PUNTO DE ACCESO ADICIONAL DE MATERIA--NOMBRE GEOGRÁFICO | |
| Nombre geográfico | Cánada |
| Subdivisión general | Historia |
| Subdivisión cronológica | 1841-1867. |
| 9 (RLIN) | 6179 |
| 651 #4 - PUNTO DE ACCESO ADICIONAL DE MATERIA--NOMBRE GEOGRÁFICO | |
| Nombre geográfico | Quebec (Provincia{Rpara} |
| Subdivisión general | Historia |
| 9 (RLIN) | 6180 |
| 700 1# - PUNTO DE ACCESO ADICIONAL--NOMBRE DE PERSONA | |
| Nombre de persona | Nish, Margaret Elizabeth Abbott, |
| Fechas asociadas al nombre | 1942- |
| Término indicativo de función/relación | tr. |
| 9 (RLIN) | 6181 |
| 830 #0 - PUNTO DE ACCESO ADICIONAL DE SERIE-TÍTULO UNIFORME | |
| Título uniforme | Issues in Canadian history |
| 9 (RLIN) | 6182 |
| Estado de retiro | Estado de pérdida | Restricciones de uso | No para préstamo | Código de colección | Localización permanente | Ubicación/localización actual | Ubicación en estantería | Fecha de adquisición | Número de inventario | Total de préstamos | Signatura topográfica completa | Código de barras | Fecha visto por última vez | Precio válido a partir de | Tipo de ítem Koha |
|---|---|---|---|---|---|---|---|---|---|---|---|---|---|---|---|
| Préstamo interno | Monografías: Libros y Folletos | General | General | En catalogación | 22.09.2009 | LF1 | 971.04 R121r | 1895-10 | 25.06.2020 | 25.06.2020 | Préstamo interno |
